000 00444nac a22001451u 4500
008 081202s2004 ii |||||r|||| 00| 0 eng d
020 _a8127217093
082 _a657
_bA815
_222
100 _aAsdhir, Vijay
_933337
245 _aFundamentals of financial accounting/
_cVijay Asdhir, Pradeep Kumar, M.P. Sharma
260 _aNew Delhi :
_bKalyani,
_c2004
300 _a300 p.
650 _aAccounting
_933338
942 _cBB
_k657A815
_2ddc
999 _c333
_d333